Úsporný byt /Problém optimálnosti/ : učebná pomôcka pre voliteľný predmet sociálne formy bývania

Guardado en:
Detalles Bibliográficos
Autores principales: Šarafín, Michal, 1943- (Autor), Mikušková, Dagmar, 1972- (Autor)
Formato: Libro
Lenguaje:eslovaco
Publicado: Bratislava : Katedra architektonickej tvorby obytných budov FA STU, 2002
Edición:1. vyd.
Materias:
Etiquetas: Agregar Etiqueta
Sin Etiquetas, Sea el primero en etiquetar este registro!

MARC

LEADER 00000nam a22000003a 4500
001 stu274504
005 20230314073756.0
008 130917s2002------------------------slo-d
040 |a STU  |b slo 
041 0 |a slo 
100 1 |a Šarafín, Michal,  |d 1943-  |4 aut  |u A1110  |9 50  |U FAD Fakulta architektúry  |T FA Ústav architektúry obytných budov  |X 456  |U A1110  |Y 392  |7 A000000456 
245 1 |a Úsporný byt /Problém optimálnosti/ :  |b učebná pomôcka pre voliteľný predmet sociálne formy bývania 
250 |a 1. vyd. 
260 |a Bratislava :  |b  Katedra architektonickej tvorby obytných budov FA STU,  |c 2002 
300 |a 78 s 
650 7 |a úsporný byt  |2 stusub 
650 7 |a obývateľnosť  |2 stusub 
650 7 |a úspornosť výstavby  |2 stusub 
650 7 |a variabilita využitia miestnosti  |2 stusub 
650 7 |a princíp navrhovania  |2 stusub 
700 1 |a Mikušková, Dagmar,  |d 1972-  |4 aut  |u A1110  |9 50  |U FAD Fakulta architektúry  |T FA Ústav architektúry obytných budov  |X 469  |U A1110  |Y 392  |7 A000000469 
996 |b 284AU05926  |c A*8748 U  |l AAKNST  |s P  |a 0  |w stu274504_0001